000 00369 a2200157 4500
001 150951
040 _cEscola São Tomás de Aquino
100 _aBANDEIRA, Pedro
240 1 0 _aDescanse em paz , meu amor...
_lpor
245 1 0 _aDescanse em paz , meu amor...
300 _a101
362 0 _a2014
440 1 _aÁtica
697 _a*LITERATURA JUVENIL
942 _cBK
999 _c150951
_d150951